000 03532cam a2200577 i 4500
001 18523042
005 20230222113708.0
008 150311s2014 nyuaf b 001 0aeng d
010 _a 2015300013
015 _aGBB4B6896
_2bnb
016 7 _a016898687
_2Uk
020 _a9781594205965
020 _a1594205965
035 _a(OCoLC)ocn889886635
040 _aTOH
_beng
_cTOH
_erda
_dYDXCP
_dBTCTA
_dBDX
_dGK8
_dUPZ
_dDAD
_dZHB
_dOQX
_dGZD
_dIHV
_dJP3
_dNDS
_dUKMGB
_dVP@
_dINR
_dEEK
_dNLGGC
_dUAB
_dIXA
_dMEA
_dOCLCF
_dDLC
042 _alccopycat
043 _an-us---
050 0 0 _aE840.8.P34
_bA3 2014
082 0 4 _a327.1273, PAN
_aB
_223
100 1 _aPanetta, Leon E.,
_d1938-
_eauthor.
_9109448
245 1 0 _aWorthy fights :
_ba memoir of leadership in war and peace /
_cLeon Panetta ; with Jim Newton.
264 1 _aNew York :
_bPenguin Press,
_c2014.
300 _a498 pages, 32 unnumbered pages of plates :
_billustrations ;
_c25 cm
336 _atext
_btxt
_2rdacontent
337 _aunmediated
_bn
_2rdamedia
338 _avolume
_bnc
_2rdacarrier
505 0 _aPt. I. Politics and progress (Page-5), "A better life" (Page-7),"Look at yourself in the mirror" (Page-24), "You did what was right" (Page-33), "No more excuses" (Page-50), "Working for us" (Page-61), "It's the right fight" (Page-90), "If the White House is falling apart ..." (Page-123),"We thought you would cave (Page-152),Pt. II. Protect and defend (Page-187), "The combatant commander in the War on Terrorism" (Page-189), "Tell it like it is ... our national security depends on it" (Page-209), "Disrupt, dismantle, defeat" (Page-239),"Everywhere in the world" (Page-270),"Go in and get Bin Laden" (Page-289),"To be free, we must also be secure" (Page-332),"A new defense strategy for the twenty-first century" (Page-360),"In together, out together" (Page-401),"I cannot imagine the pain" (Page-437),Leadership or crisis (Page-461).
600 1 0 _aPanetta, Leon E.,
_d1938-
_9109448
600 1 4 _aPanetta, Leon E.,
_d1938-
_9109448
600 1 7 _aPanetta, Leon E.,
_d1938-
_2fast
_0(OCoLC)fst00300100
_9109448
610 1 0 _aUnited States.
_bCentral Intelligence Agency
_xOfficials and employees
_vBiography.
_9105412
610 2 4 _aUnited States.
_bCentral Intelligence Agency.
610 1 7 _aUnited States.
_bCentral Intelligence Agency.
_2fast
_0(OCoLC)fst00536259
_9109449
611 2 7 _aWar on Terrorism (2001-2009)
_2fast
_0(OCoLC)fst01754980
_9109450
648 7 _aSince 2001
_2fast
_9109451
650 0 _aCabinet officers
_zUnited States
_vBiography.
_9105414
650 0 _aWar on Terrorism, 2001-2009.
650 7 _aCabinet officers.
_2fast
_0(OCoLC)fst00843535
_9109452
650 7 _aDiplomatic relations.
_2fast
_0(OCoLC)fst01907412
_96585
650 7 _aEmployees.
_2fast
_0(OCoLC)fst00909111
_9109453
651 0 _aUnited States
_xForeign relations
_y2009-
_913168
651 7 _aUnited States.
_2fast
_0(OCoLC)fst01204155
655 7 _aBiography.
_2fast
_0(OCoLC)fst01423686
_993739
700 1 _aNewton, Jim,
_d1963-
_eauthor.
_9109454
856 4 1 _3Sample text
_uhttp://www.loc.gov/catdir/enhancements/fy1508/2015300013-s.html
856 4 2 _3Publisher description
_uhttp://www.loc.gov/catdir/enhancements/fy1508/2015300013-d.html
856 4 2 _3Contributor biographical information
_uhttp://www.loc.gov/catdir/enhancements/fy1508/2015300013-b.html
906 _a7
_bcbc
_ccopycat
_d2
_encip
_f20
_gy-gencatlg
942 _2ddc
_cBK
999 _c593411
_d593411